| 000 | 01328cam a2200313 a 4500 | ||
|---|---|---|---|
| 999 |
_c233021 _d233021 |
||
| 001 | 13248450 | ||
| 003 | Nust | ||
| 005 | 20170228094234.0 | ||
| 008 | 030623s2004 nyu 000 1 eng | ||
| 010 | _a 2003055350 | ||
| 020 | _a9780552150828 | ||
| 040 |
_aDLC _cDLC _dDLC |
||
| 043 | _ae-uk-en | ||
| 050 | 0 | 0 |
_aPR6073.I246 _bC36 2004 |
| 082 | 0 | 0 |
_a823.92 _bKIN |
| 100 | 1 | _aKinsella, Sophie. | |
| 245 | 1 | 0 |
_aCan you keep a secret? / _cSophie Kinsella. |
| 260 |
_aNew York : _bDial Press, _c2003. |
||
| 300 |
_a363 p. ; _c22 cm. |
||
| 650 | 0 |
_aBusinesswomen _vFiction. |
|
| 650 | 0 |
_aYoung women _vFiction. |
|
| 651 | 0 |
_aEngland _vFiction. |
|
| 655 | 7 |
_aHumorous fiction. _2gsafd |
|
| 655 | 7 |
_aLove stories. _2gsafd |
|
| 856 | 4 | 2 |
_3Contributor biographical information _uhttp://www.loc.gov/catdir/bios/random051/2003055350.html |
| 856 | 4 | 1 |
_3Sample text _uhttp://www.loc.gov/catdir/samples/random051/2003055350.html |
| 856 | 4 | 2 |
_3Publisher description _uhttp://www.loc.gov/catdir/description/random0413/2003055350.html |
| 906 |
_a7 _bcbc _corignew _d1 _eocip _f20 _gy-gencatlg |
||
| 942 |
_2ddc _cBK |
||